Zlatý věk uničovské archeologie

Titel: Zlatý věk uničovské archeologie : Mizzi Manethová a muzeum v Uničově / Miloš Hlava
Verfasser:
Ausgabe: 1. vydání
Veröffentlicht: Olomouc : Univerzita Palackého v Olomouci, Filozofická fakulta, 2019
Umfang: 218 Seiten : Illustrationen ; 30 cm
Format: Buch
Sprache: Tschechisch
Schriftenreihe/
mehrbändiges Werk:
Archaeologica Olomucensia ; Tomus 4
Schlagworte:
ISBN: 9788088278290
Buchumschlag
X
alg: 47608699
001A    $06000:25-02-21 
001B    $01999:29-04-21 $t11:50:29.000 
001D    $06000:25-02-21 
001U    $0utf8 
001X    $00 
002@    $0Aax 
002C    $aText $btxt $2rdacontent 
002D    $aohne Hilfsmittel zu benutzen $bn $2rdamedia 
002E    $aBand $bnc $2rdacarrier 
003@    $047608699X 
003O    $01202270528 $aOCoLC 
004A    $A978-80-88278-29-0 $fFesteinband 
006G    $01208923846 
006U    $021,A08 $f20200424 
007A    $01208923846 $aDNB 
007G    $0DE020D2C20AE940583CD9C12586C5003B1BBC 
009P    $qapplication/pdf $A2 $3Inhaltsverzeichnis $uhttp://scans.hebis.de/HEBCGI/show.pl?47608699_toc.pdf $mV:DE-603;B:DE-Mb50 
010@    $acze 
010E    $erda 
011@    $a2019 $n2019 
021A    $aZlatý věk uničovské archeologie $dMizzi Manethová a muzeum v Uničově $hMiloš Hlava 
028A    $BVerfasser $4aut $71153916150 $8Hlava, Miloš$Z1972- [Tp3] $9426981227 
032@    $a1. vydání 
033A    $pOlomouc $nUniverzita Palackého v Olomouci, Filozofická fakulta 
034D    $a218 Seiten 
034I    $a30 cm 
034M    $aIllustrationen 
036E    $aArchaeologica Olomucensia $lTomus 4 
044K    $8Manethová, Mizzi$Z1898-1971 [Tp1] $9474973506 
044K    $8Muzeum Uničov [Tb1] $9475780590 
044K    $8Uničov [Tg1] $9475747178 
044K    $RVor- und Frühgeschichte $RBodendenkmalpflege $#Archaeology $#Archéologie $74002827-6 $8Archäologie [Ts1] $9084999233 
044K    $RAusgrabung $RBodendenkmal $#Bodenfund $#Bodenfunde $#Archäologische Funde $74071507-3 $8Funde [Tsz] $9085201480 
045E    $c930 $c060 
045F    $a930.1092 $eDDC23ger 
045F/01 $a930.1 
045F/03 $f092 
045F/03 $g4371 
045G    $a930.10943710904 $eDDC23BSB 
045G/01 $a930.1 
045G/03 $f0904 
045R    $aGeschichte 

lok: 47608699 24

exp: 47608699 24 1 #EPN
201B/01 $014-04-21 $t16:17:03.000 
201C/01 $019-03-21 
201U/01 $0utf8 
203@/01 $01147062625 
208@/01 $a14-04-21 $bz 
209A/01 $a21.01738 $du $f050 $h21 01738 $x00 
209C/01 $a21.01738 K $h21 01738 K 
209G/01 $a74248187 $x00 
220C/01 $akon 
247C/01 $8358050-7 Marburg, Bibliothek des Herder-Instituts Marburg $9102600961 

lok: 47608699 78

exp: 47608699 78 1 #EPN
201B/01 $028-04-21 $t14:42:33.000 
201C/01 $028-04-21 
201U/01 $0utf8 
203@/01 $01150632607 
208@/01 $a28-04-21 $be 
209A/01 $a/ $f000 $x00 
209A/01 $ab*p $x01 
220C/01 $apgar 
244Z/01 $#Böhmische Kronländer $#Länder der Böhmischen Krone $#Sudetenland $#Böhmen $#Mähren $#Mährisch-Schlesien $#Österreichisch-Schlesien $#Tschechische Sozialistische Republik Böhmische Länder $#Tschechei Böhmische Länder $#Země koruny české $74069573-6 $8--Tg1--Böhmische Länder $x01 $9085195553 
247C/01 $82080>Marburg/Lahn, Herder-Institut, Forschungsbibliothek, Bibliographieportal $9336309341
LEADER 00000cam a22000002c 4500
001 47608699X
003 DE-603
005 20210429115029.0
007 tu
008 210225s2019 xx |||| | u00||u|cze
015 |a 21,A08  |2 dnb 
016 7 |2 DE-101  |a 1208923846 
020 |a 9788088278290  |c Festeinband 
035 |a (DE-599)DNB1208923846 
035 |a (OCoLC)1202270528 
040 |a DE-603  |b ger  |c DE-603  |d DE-603  |e rda 
041 |a cze 
082 0 4 |8 1\u  |a 930.1092  |q DE-101  |2 23/ger 
083 0 |8 2\u  |a 930.10943710904  |q DE-101  |2 23/BSB 
084 |a 930  |a 060  |q DE-101  |2 sdnb 
085 |8 1\u  |b 930.1 
085 |8 1\u  |z 1  |s 092 
085 |8 1\u  |z 2  |s 4371 
085 |8 2\u  |b 930.1 
085 |8 2\u  |z 1  |s 0904 
100 1 |a Hlava, Miloš  |d 1972-  |e Verfasser  |4 aut  |0 (DE-603)426981227  |0 (DE-588)1153916150  |2 gnd 
245 0 0 |a Zlatý věk uničovské archeologie  |b Mizzi Manethová a muzeum v Uničově  |c Miloš Hlava 
250 |a 1. vydání 
264 1 |a Olomouc  |b Univerzita Palackého v Olomouci, Filozofická fakulta  |c 2019 
300 |a 218 Seiten  |b Illustrationen  |c 30 cm 
336 |a Text  |b txt  |2 rdacontent 
337 |a ohne Hilfsmittel zu benutzen  |b n  |2 rdamedia 
338 |a Band  |b nc  |2 rdacarrier 
490 0 |a Archaeologica Olomucensia  |v Tomus 4 
600 1 7 |a Manethová, Mizzi  |d 1898-1971  |0 (DE-588)1225521254  |0 (DE-603)474973506  |2 gnd 
610 1 7 |a Muzeum Uničov  |2 gnd  |0 (DE-588)1227214995  |0 (DE-603)475780590 
648 7 |a Geschichte  |2 gnd 
650 7 |a Archäologie  |0 (DE-588)4002827-6  |0 (DE-603)084999233  |2 gnd 
650 7 |a Funde  |0 (DE-588)4071507-3  |0 (DE-603)085201480  |2 gnd 
651 7 |a Uničov  |0 (DE-588)1227085346  |0 (DE-603)475747178  |2 gnd 
856 4 2 |m V:DE-603;B:DE-Mb50  |q application/pdf  |u http://scans.hebis.de/HEBCGI/show.pl?47608699_toc.pdf  |3 Inhaltsverzeichnis 
924 0 |9 Mb 50  |a (DE-603)1147062625  |b DE-Mb50  |c HES  |d c  |g 21.01738 
924 0 |9 2080  |a (DE-603)1150632607  |b DE-2080  |c HES  |d d  |g /